Every Avril Lavigne Song on the Billboard Hot 100 - Statistics

General Stats
  • This quiz has been taken 164 times
  • The average score is 13 of 20
Answer Stats
# Year Song % Correct
2 2002 Complicated
98%
10 2002 Sk8er Boi
97%
1 2007 Girlfriend
94%
4 2002 I'm With You
79%
9 2004 My Happy Ending
78%
11 2011 What the Hell
77%
68 2011 Smile
73%
24 2007 When You're Gone
68%
20 2013 Here's to Never Growing Up
66%
64 2018 Head Above Water
62%
75 2014 Hello Kitty
62%
41 2004 Nobody's Home
62%
91 2013 Rock N Roll
60%
95 2007 Hot
58%
22 2004 Don't Tell Me
56%
71 2010 Alice
54%
65 2011 Wish You Were Here
54%
17 2006 Keep Holding On
51%
64 2003 Losing Grip
50%
78 2013 Let Me Go (feat. Chad Kroeger)
43%
No matching quizzes found
Score Distribution
Percent of People with Each Score
Percentile by Number Answered
Your Score History
You have not taken this quiz